<?xml version="1.0" encoding="UTF-8"?>
<record
    xmlns:xsi="http://www.w3.org/2001/XMLSchema-instance"
    xsi:schemaLocation="http://www.loc.gov/MARC21/slim http://www.loc.gov/standards/marcxml/schema/MARC21slim.xsd"
    xmlns="http://www.loc.gov/MARC21/slim">

  <leader>04434nab a22007217  4500</leader>
  <controlfield tag="003">AR-RoUNA</controlfield>
  <datafield tag="022" ind1=" " ind2=" ">
    <subfield code="a">0327-9022</subfield>
  </datafield>
  <datafield tag="040" ind1=" " ind2=" ">
    <subfield code="a">AR-RoUNA</subfield>
    <subfield code="b">spa</subfield>
  </datafield>
  <datafield tag="041" ind1=" " ind2=" ">
    <subfield code="a">spa</subfield>
  </datafield>
  <datafield tag="044" ind1=" " ind2=" ">
    <subfield code="a">ag</subfield>
  </datafield>
  <datafield tag="245" ind1=" " ind2=" ">
    <subfield code="a">Summa+ /</subfield>
    <subfield code="b">Metal</subfield>
  </datafield>
  <datafield tag="260" ind1=" " ind2=" ">
    <subfield code="a">Buenos Aires ,</subfield>
    <subfield code="c">1993</subfield>
  </datafield>
  <datafield tag="300" ind1=" " ind2=" ">
    <subfield code="a">128 p. :</subfield>
    <subfield code="b">il. byn.</subfield>
    <subfield code="b">planos</subfield>
    <subfield code="c">34 X25 cm.</subfield>
  </datafield>
  <datafield tag="505" ind1="0" ind2=" ">
    <subfield code="t">INDICE</subfield>
  </datafield>
  <datafield tag="505" ind1="0" ind2=" ">
    <subfield code="t">METAL - Brasilia - FISONOM&#xCD;A AL DESCUBIERTO</subfield>
  </datafield>
  <datafield tag="505" ind1="0" ind2=" ">
    <subfield code="a">Grupo SP / (Alvaro Puntoni, Luciano Margottto, Jo&#xE4;o Sodr&#xE9;, Jonathan Davies) / Sede de Sebrae Nacional en Brasilia DF (Servicio Brasile&#xF1; de  apoyo a las micro y peque&#xF1;as empresas), Brasilia, 2010. p. 4</subfield>
  </datafield>
  <datafield tag="505" ind1="0" ind2=" ">
    <subfield code="a">Werner Sobek / Transparencia, Liviandad, Sustentabilidad. p. 16</subfield>
  </datafield>
  <datafield tag="505" ind1="0" ind2=" ">
    <subfield code="t">METAL - Madrid - CONSTRUIR CON METAL HOY:  Dos Casos de estudio</subfield>
  </datafield>
  <datafield tag="505" ind1="0" ind2=" ">
    <subfield code="a">Herreros arqs. / Edificio corporativo de oficinas para Hispasat, Espa&#xF1;a, 2009. p. 20</subfield>
  </datafield>
  <datafield tag="505" ind1="0" ind2=" ">
    <subfield code="t">METAL - Espa&#xF1;a - REFUGIO INSTANT&#xC1;NEO</subfield>
  </datafield>
  <datafield tag="505" ind1="0" ind2=" ">
    <subfield code="a">Herreros Arqs. / Casa Garoza 10.1, &#xC1;vila, 2010. p. 26</subfield>
  </datafield>
  <datafield tag="505" ind1="0" ind2=" ">
    <subfield code="t">METAL - Madrid - NAVE POLI&#xC9;DRICA</subfield>
  </datafield>
  <datafield tag="505" ind1="0" ind2=" ">
    <subfield code="a">Amid.Ceros - Cristina D&#xED;az Moreno y Efr&#xE9;n Garc&#xED;a Grinda / Nave industrial para Diagonal 80, Madrid, 2009. p. 32</subfield>
  </datafield>
  <datafield tag="505" ind1="0" ind2=" ">
    <subfield code="t">METAL - Rosario - PENSAMIENTO INDUSTRIAL</subfield>
  </datafield>
  <datafield tag="505" ind1="0" ind2=" ">
    <subfield code="a">Faure - Malamud - Riveira  / Centro Tecnol&#xF3;gico Fundaci&#xF3;n Cideter (Etapa 1), Parque insdustrial Ciudad de Las Parejas, Santa Fe, 2010. p. 38</subfield>
  </datafield>
  <datafield tag="505" ind1="0" ind2=" ">
    <subfield code="a">Juan Manuel Ros / La mirada formalizada. p. 42</subfield>
  </datafield>
  <datafield tag="505" ind1="0" ind2=" ">
    <subfield code="a">Gerardo Caballero - Maite Fernandez / Concesionaria Implementos Agr&#xED;colas, Santa Fe, 2008. p. 42</subfield>
  </datafield>
  <datafield tag="505" ind1="0" ind2=" ">
    <subfield code="a">Juan Manuel Ros / Carteles Urbanos. p. 48</subfield>
  </datafield>
  <datafield tag="505" ind1="0" ind2=" ">
    <subfield code="a">Gerardo Caballero, Maite Fern&#xE1;ndez / Showeoom de Bicicletas Rodas, Rosario, 2010. p . 48</subfield>
  </datafield>
  <datafield tag="505" ind1="0" ind2=" ">
    <subfield code="a">Roberto Segre - Mar&#xED;a Laura Rosenbusch / Historias Paralelas: coincidencias y divergencias, avenida central en R&#xED;o de Janeiro y avenida de Mayo en Buenos Aires. p. 52</subfield>
  </datafield>
  <datafield tag="505" ind1="0" ind2=" ">
    <subfield code="t">METAL - San Pablo - LINEAL Y VARIABLE</subfield>
  </datafield>
  <datafield tag="505" ind1="0" ind2=" ">
    <subfield code="a">Biselli + Katchborian / Ceu Pimentas, San Pablo, Brasil, 2010. p. 60</subfield>
  </datafield>
  <datafield tag="505" ind1="0" ind2=" ">
    <subfield code="t">METAL - Barcelona - PARED, SUPERFICIE Y CUBIERTA</subfield>
  </datafield>
  <datafield tag="505" ind1="0" ind2=" ">
    <subfield code="a">Willy M&#xFC;ller architectes y Fred Guillaud / Nuevp Mercado Central de la Flor-Mercabarna-Flor,  Barcelona, 2008. p. 74</subfield>
  </datafield>
  <datafield tag="505" ind1="0" ind2=" ">
    <subfield code="t">METAL - Medell&#xED;n</subfield>
  </datafield>
  <datafield tag="505" ind1="0" ind2=" ">
    <subfield code="a">Felipe Mesa / Relieve Edificado. p. 84</subfield>
  </datafield>
  <datafield tag="505" ind1="0" ind2=" ">
    <subfield code="a">Felipe Mesa (Plan:B Architects)+Giancarlo Mazzanti (Mazzanti Architects) / Cuatro escenarios deportivos para los juegos deportivos Sudamericanos 2010. p. 84</subfield>
  </datafield>
  <datafield tag="505" ind1="0" ind2=" ">
    <subfield code="t">METAL - BARCELONA - PISTA RELACIONAL</subfield>
  </datafield>
  <datafield tag="505" ind1="0" ind2=" ">
    <subfield code="a">Mario Corea, Lluis Moran / Pista cubierta de atletismo, Espa&#xF1;a, 2009. p. 92</subfield>
  </datafield>
  <datafield tag="505" ind1="0" ind2=" ">
    <subfield code="t">METAL -MADRID - MATERIALES CORRUGADOS</subfield>
  </datafield>
  <datafield tag="505" ind1="0" ind2=" ">
    <subfield code="a">PO2 arqs. (Marcos Parga + Iddia tegui) / Ampliaci&#xF3;n Colegio Bernadette, Polideportivo + Aulario, Aravaca, 2007. p. 98</subfield>
  </datafield>
  <datafield tag="505" ind1="0" ind2=" ">
    <subfield code="t">PERFIL - Bjarke Ingels Groups</subfield>
  </datafield>
  <datafield tag="505" ind1="0" ind2=" ">
    <subfield code="a">Luis O&#xB4;Grady / Pensar en grande. p. 104</subfield>
  </datafield>
  <datafield tag="505" ind1="0" ind2=" ">
    <subfield code="a">Big-Bjarke Ingels Group / Complejo Residencial 8 House, Dinamarca, 2010. p. 106</subfield>
  </datafield>
  <datafield tag="505" ind1="0" ind2=" ">
    <subfield code="a">Big-Bjarke Ingels Group / Complejo Residencial The Montain, Dinamarca, 2008. p. 113</subfield>
  </datafield>
  <datafield tag="505" ind1="0" ind2=" ">
    <subfield code="a">Big-Bjarke Ingels Group / Pabell&#xF3;n Dan&#xE9;s en la Expo Shang&#xE1;i 2010, China, 2010. p. 120</subfield>
  </datafield>
  <datafield tag="505" ind1="0" ind2=" ">
    <subfield code="a">Big-Bjarke Ingels Group / Casa Mar&#xED;tima para la juventud, Dinamarca, 2004. p. 125</subfield>
  </datafield>
  <datafield tag="505" ind1="0" ind2=" ">
    <subfield code="a">Big-Bjarke Ingels Group / Biblioteca Nacional de Nazaist&#xE1;n, Kazajst&#xE1;n, 2009. p. 129</subfield>
  </datafield>
  <datafield tag="505" ind1="0" ind2=" ">
    <subfield code="a">Big-Bjarke Ingels Group /  Museo Mar&#xED;timo Dan&#xE9;s, Dinamarca, 2007. p. 131</subfield>
  </datafield>
  <datafield tag="505" ind1="0" ind2=" ">
    <subfield code="a">Big-Bjarke Ingels Group / Centro C&#xED;vico de Tallinn, Estonia, 2009. p. 133</subfield>
  </datafield>
  <datafield tag="505" ind1="0" ind2=" ">
    <subfield code="t">ENCUENTROS - Universidad del Litoral</subfield>
  </datafield>
  <datafield tag="505" ind1="0" ind2=" ">
    <subfield code="a">Fernando Diez / Madurez a los 25: los veinticinco a&#xF1;os de la Faud de la Universidad del litoral. p. 136</subfield>
  </datafield>
  <datafield tag="505" ind1="0" ind2=" ">
    <subfield code="a">Ignacio Ros de Olano / Roma en Papel: Trastevere. p. 137</subfield>
  </datafield>
  <datafield tag="505" ind1="0" ind2=" ">
    <subfield code="a">Roberto Fern&#xE1;ndez / La bandera de la soledad: la casa de piedra de Carl Gustav en Bollingen, Cant&#xF3;n de San Galo, Suiza. p. 139</subfield>
  </datafield>
  <datafield tag="505" ind1="0" ind2=" ">
    <subfield code="a">Mario Sabugo / Memoria visual, memoria imaginada. p. 141</subfield>
  </datafield>
  <datafield tag="505" ind1="0" ind2=" ">
    <subfield code="a">Jorge S. Mele / Carmen C&#xF3;rdova...un adi&#xF3;s. p. 144</subfield>
  </datafield>
  <datafield tag="650" ind1=" " ind2=" ">
    <subfield code="a">Arquitectura contempor&#xE1;nea</subfield>
  </datafield>
  <datafield tag="773" ind1="0" ind2=" ">
    <subfield code="a">Summa+</subfield>
    <subfield code="d">Buenos Aires, Argentina</subfield>
    <subfield code="g">N&#xBA;114 (abr-2011), p. 144</subfield>
    <subfield code="x">0327-9022</subfield>
  </datafield>
  <datafield tag="908" ind1=" " ind2=" ">
    <subfield code="a">Imp</subfield>
  </datafield>
  <datafield tag="942" ind1=" " ind2=" ">
    <subfield code="2">udc</subfield>
    <subfield code="c">ART</subfield>
  </datafield>
  <datafield tag="945" ind1=" " ind2=" ">
    <subfield code="a">MBP</subfield>
    <subfield code="d">2022-07-08</subfield>
  </datafield>
  <datafield tag="980" ind1=" " ind2=" ">
    <subfield code="8">138</subfield>
    <subfield code="g">Carolina Rainero</subfield>
    <subfield code="6">138</subfield>
    <subfield code="a">Carolina Rainero</subfield>
  </datafield>
  <datafield tag="999" ind1=" " ind2=" ">
    <subfield code="c">12226</subfield>
    <subfield code="d">12226</subfield>
  </datafield>
  <datafield tag="952" ind1=" " ind2=" ">
    <subfield code="0">0</subfield>
    <subfield code="1">0</subfield>
    <subfield code="2">udc</subfield>
    <subfield code="4">0</subfield>
    <subfield code="7">0</subfield>
    <subfield code="a">AR-RoUNA</subfield>
    <subfield code="b">AR-RoUNA</subfield>
    <subfield code="c">Heme</subfield>
    <subfield code="d">2025-11-10</subfield>
    <subfield code="e">Don</subfield>
    <subfield code="l">0</subfield>
    <subfield code="p">1002839</subfield>
    <subfield code="r">2025-11-10</subfield>
    <subfield code="t">ej. 1</subfield>
    <subfield code="w">2025-11-10</subfield>
    <subfield code="y">ART</subfield>
    <subfield code="k">K6</subfield>
    <subfield code="x"></subfield>
  </datafield>
</record>
